000
00246nam a22001097a 4500
082
_a
680 COX'C
100
_a
COX, DORIS,WARREN, BARBARA
_9
58094
245
_a
CREATIVE HANDS
260
_a
NEWYORK
_b
JOHN WILEY
_c
1945
300
_a
381P
942
_c
BK
999
_c
568308
_d
568308